| 000 | 004280000a22001690004500 | ||
|---|---|---|---|
| 003 | MACL | ||
| 005 | 20151227124949.0 | ||
| 008 | 151227b xxu||||| |||| 00| 0 eng d | ||
| 040 |
_aMACL _cmacl |
||
| 041 | _aEnglish | ||
| 082 | _a017 | ||
| 100 |
_aGovernment Central Press _923066 |
||
| 245 | _aCatalogue Of Books | ||
| 260 |
_bGovernment Central Press _c1930 _aHyderabad |
||
| 650 |
_aCatalogue _923108 |
||
| 942 |
_cBK _k017 _2ddc |
||
| 999 |
_c38988 _d38988 |
||